TOP 10 Biggest Cities In Spain - Statistics

General Stats
  • This quiz has been taken 60 times
  • The average score is 8 of 10
Answer Stats
Nr Residents Answer % Correct
1. 3.315.000 Madrid
100%
2. 1.635.000 Barcelona
98%
3. 807.000 Valencia
94%
10. 348.000 Bilbao
83%
4. 692.000 Sevilla
81%
6. 582.000 Malaga
77%
5. 685.000 Zaragoza
67%
7. 465.000 Murcia
56%
8. 425.000 Palma
56%
9. 382.000 Las Palmas
38%
No matching quizzes found
Score Distribution
Percent of People with Each Score
Percentile by Number Answered
Your Score History
You have not taken this quiz